000 01403nam a2200265Ia 4500
999 _c42196
_d42196
001 8889
003 GE_BSU
005 20240415123809.0
008 181216s2013||||ge |||||||||||||| ||geo||
020 _a978 9941 9343 9 1
040 _cGE_BSU
041 _ageo
080 _a343(075.8) ს-323
245 _aსაქართველოს სისხლის სამართლის პროცესი : ზოგადი ნაწილი :
_b[სახელმძღვ.] /
_cშ. ფაფიაშვილი, მ. მამნიაშვილი, ჯ. გახოკიძე [და სხვ.] ; რედ. : ჯემალ გახოკიძე [და სხვ.].
250 _aგამოცემა მე-2
264 _aთბილისი :
_bიურისტების სამყარო,
_c2013.
300 _a300 გვ. ;
_c21 სმ.
504 _aბიბლიოგრაფია ტექსტების შენიშვნებში და გვ. 294-299
653 _aზოგადი ნაწილი
653 _aსისხლის სამართალი
700 _aფაფიაშვილი, მ.
_eავტორი
_921791
700 _aმამნიაშვილი, მ.
_eავტორი
_911931
700 _aგახოკიძე, ჯ.
_eავტორი
_99284
942 _cBK
_2udc